000 00279nam a2200121Ia 4500
008 231129s9999||||xx |||||||||||||| ||spa||
040 _bspa
082 _a306.73 / K51a
100 _aKinneman L. Reade
245 0 _aAdulterio
264 _aManuales Cientificos
942 _2ddc
_cBKS
999 _c4598
_d4598